02828cam a22004934i 4500003000900000005001700009008004100026020001500067020001800082035002000100040003300120049000900153082002100162111009400183245011100277264009100388300004300479336002100522337002500543338002300568490004500591504005000636505089300686526001001579526001001589526001001599526001001609526000801619526000801627526000801635526000801643526000801651526000801659526000801667650001401675650005201689910002801741942001401769949013501783596000601918999017301924980005502097952018202152PE-LiUPU20250731173030.0170810s2013 miu rb 000 0 eng d a0982784945 a9780982784945 a(Sirsi) a238223 aPE-LiUPUbspacPE-LiUPUerda aPRUA04a230.0904bR42232 aSymposium on Postmodern Sensitive Mission n (1st :d 2012 :c Berrien Springs, Michigan)10aRevisiting postmodernism :ban old debate on a new era /cBruce L. Bauer; Kleber O.Gonçalves [editores]. 1aBerrien Springs, Michigan :b Departament of World Mission, Andrews University,c2013. axi, 396 páginas ;c23 centímetros. atext2rdacontent aunmediated2rdamedia avolume2rdacarrier1 aAndrews University mission studies ;v13 aBibliografía : Al final de cada capítulo.0 a"Watchmen" over the flux of thought: Michael foucault and the historical development of postmodernist philosophy -- Postmodern evangelism: sharing the gospel as a nonviolent metanarrative -- Christianity for postmoderns: from metanarrative to storytelling -- Framing the gospel for the relational context of postmodernism -- The whole truth and nothing but: discipleship in a post-christian age -- Conversion and worldview transformation among postmoderns -- Reading psalm 23 through postmodern eyes: insights and lessons for missiologists -- Witnessing to christ in a secular, post-christian, postmodern context -- Through a glass darkly: speaking of truth in postmodern times -- Postmodernism and the re-birth of christian literacy... Is the European seventh-day Adventist church postmodern? some socio-theological remarks on postmodernity and multiculturalsm in the context of mission. aSEG42 aSEG41 aSEG40 aSEG39 aP94 aP87 aP86 aP85 aP77 aP76 aP3504aMisiones.04aPosmodernismoxAspectos religiososxCristianos. ajckbncfcncfd20170810 2ddccBOOK a230.0904 R4wDEWEYc1i76785lCCODEBUL1mBULp15.00r0sYtBOOKu2017-08-08xTEOLOGIAPP350COMPRAo.STAFF. Colección Teología a1 a230.0904 R4wDEWEYc24926i76785d24926e2017-9-29f2021-11-9g4lCCODEBUL1mBULn1p15.00r0sYtBOOKu2017-8-10xTEOLOGIAPP350COMPRAo.STAFF. Colección Teología 81gALBERTO SANCHEZ Responsable de Automatización r2025-12-03 00:00:00i5l1o230.0904 R4p76785s2017-09-29te1v20.00w2017-08-10xFTyBKzinventario-2023-12-13102ddc50708GENfP35aBULbBULcGENd2017-08-10eCOMPRAg15.00